Word Ladder: Russell Crowe Movies Quiz Stats

 Plays Quiz Updated Aug 29, 2016

Challenge
Share
Tweet
Embed
Score 0/30 Timer 03:00
0 Plays Today
Clue 4-Letter Word % Correct
★ 'Robin ___' (2010) ★●HOOD●
99%
★ 'A ___ Year' (2006) ★●GOOD●
95.5%
Farm animals' homeBARN
95%
★ 'A Beautiful ___' (2001) ★●MIND●
94.5%
Tree's outer coveringBARK
94.2%
★ 'The Man ___ the Iron Fists' (2012) ★●WITH●
92.5%
To chit chatTALK
92.5%
To make repairsMEND
92.1%
Capital of SwitzerlandBERN
91.9%
Head of students at a universityDEAN
91.8%
Female spouseWIFE
91.6%
Element number 79GOLD
90.4%
A type of fungus (US)MOLD
89.8%
★ 'Proof of ___' (2000) ★●LIFE●
89.4%
'Jurassic Park' actress LauraDERN
89.1%
Clue 4-Letter Word % Correct
★ 'The Quick and the ___' (1995) ★●DEAD●
88.8%
Gentle or tranquilMILD
88.3%
Fermented honey drinkMEAD
87.9%
★ 'Winter's ___' (2014) ★●TALE●
87.8%
★ 'Master and Commander: The Far ___ of the World' ★●SIDE●
87.7%
Darth Maul, e.g.SITH
87%
Location or a web destination, for shortSITE
86.7%
The alternating rising and falling of a water surfaceTIDE
86.7%
Follicle-inhabiting pests LICE
86.3%
A requested desireWISH
85.6%
Intelligent or shrewdWISE
85.1%
★ 'No Way ___' (1995) ★●BACK●
84.2%
★ 'The ___ Guys' (2016) ★●NICE●
82.5%
A thin slab of baked, glazed clayTILE
81.8%
A horse's harnessTACK
80%

Today's Daily Dose

You're not logged in!

Compare scores with friends on all Sporcle quizzes.
OR
Log In

You Might Also Like...

Show Comments

Extras

Top Quizzes Today


Score Distribution

Your Account Isn't Verified!

In order to create a playlist on Sporcle, you need to verify the email address you used during registration. Go to your Sporcle Settings to finish the process.

Report this User

Report this user for behavior that violates our Community Guidelines.

Details: